00533nam a2200181Ia 4500008004100000020001800041082001700059100002800076245003400104250000600138260002800144300001000172500002400182650002400206942000700230952009700237999001700334230524s9999 xx 000 0 und d a9789384401207 a530.092bGOY aKaushal K. Goyal945117 0aStephen Hawking : A Biography a1 aNew DelhibPigeonc2019 a171p; aQuantity Number: 1 aMiscellaneous91877 cBK 00104070aTATCLbTATCLcGENd2023-05-24l0o530.092 GOYp60739r2023-05-24w2023-05-24yBK c60739d60739